000 03620 a2200385 4500
005 20080915172424.0
008 080915t xxu||||| |||| 00| 0 hin d
010 _aHIN-80871
020 _a8189435159
_c100.00
035 _aHN-53217
035 _aB-372817-827
037 _bD.B.Act / pub
037 _bछवि पब्लिकेशन/ PUB
082 _a920
100 _aगोयल, रामगोपाल
_915768
245 _aनूतन राहों के अन्वेषी
_cरामगोपाल गोयल
246 _aNootan Rahon ke Anveshi
_bby-Ram Gopal Goyal
260 _aअजमेर
_bछवि पब्लिकेशन
_c2006
270 _aकचहरी रोड
_bअजमेर
_e305001
300 _a85पृ
_c22 सेमी (सजिल्द)
_b(सचित्र)
942 _adpl
_cCH
_k920 / गोयल
_2ddc
_h920
_mगोयल
999 _c7190
_d7190